[Event "31. Torneo San Viator 2019"]
[Site "Madrid ESP"]
[Date "2019.10.06"]
[Round "4.1"]
[White "Renteria, Jorge"]
[Black "Medina Riesgo, Pedro"]
[Result "0-1"]
[WhiteElo "2286"]
[BlackElo "2123"]
[PlyCount "70"]
[EventDate "2019.09.08"]
[EventType "swiss"]
[EventRounds "9"]
[EventCountry "ESP"]
[SourceTitle "Ajedrez en Madrid"]
[Source "lmi"]
[SourceDate "2019.09.08"]
[SourceVersion "1"]
[SourceVersionDate "2019.10.29"]
[SourceQuality "1"]

1. e4 c5 2. Nf3 g6 3. c3 d5 4. e5 Nc6 5. d4 Bg4 6. dxc5 Bg7 7. Bb5 Bxf3 8. Qxf3
Bxe5 9. O-O Qc7 10. h3 e6 11. Bd3 Nge7 12. Bh6 Nf5 13. Bxf5 gxf5 14. Na3 a6 15.
b4 Rg8 16. Bd2 Bh2+ 17. Kh1 Ne5 18. Qh5 Nd7 19. Rae1 Be5 20. f4 Nf6 21. Qh4
O-O-O 22. fxe5 Ne4 23. Rxe4 dxe4 24. Nc4 Qc6 25. Bg5 Qb5 26. Nb6+ Kb8 27. Rg1
Rd3 28. a4 Qe8 29. c4 Rg6 30. Bf4 e3 31. b5 Qg8 32. Bxe3 Rxe3 33. Rd1 Ka7 34.
Nd7 Rxg2 35. Nf6 Rh2+ 0-1

[Event "31. Torneo San Viator 2019"]
[Site "Madrid ESP"]
[Date "2019.10.06"]
[Round "4.2"]
[White "Alonso Aranzabal, Iñigo"]
[Black "Unciti Juan, Javier"]
[Result "0-1"]
[WhiteElo "1873"]
[BlackElo "1987"]
[PlyCount "70"]
[EventDate "2019.09.08"]
[EventType "swiss"]
[EventRounds "9"]
[EventCountry "ESP"]
[SourceTitle "Ajedrez en Madrid"]
[Source "lmi"]
[SourceDate "2019.09.08"]
[SourceVersion "1"]
[SourceVersionDate "2019.10.29"]
[SourceQuality "1"]

1. e4 e6 2. d4 d5 3. Nd2 c5 4. exd5 exd5 5. Ngf3 Nc6 6. Bb5 Bd6 7. O-O Nge7 8.
dxc5 Bxc5 9. Nb3 Bd6 10. h3 O-O 11. Bd3 f6 12. c3 Ne5 13. Bc2 Be6 14. Nfd4 Bf7
15. f4 N5c6 16. Kh1 Qd7 17. Be3 Rfe8 18. Qd2 a6 19. a4 Rad8 20. Qf2 Bg6 21. f5
Bf7 22. Ne2 Ne5 23. Nbd4 Nc4 24. Bc1 Nc6 25. b3 Nxd4 26. cxd4 Na5 27. Bf4 Rc8
28. Rac1 Ba3 29. Bd2 Bxc1 30. Rxc1 Qe7 31. Nf4 Nxb3 32. Re1 Rxc2 33. Rxe7 Rxe7
34. Qf3 Nxd2 35. Qd3 Re1+ 0-1

[Event "31. Torneo San Viator 2019"]
[Site "Madrid ESP"]
[Date "2019.10.06"]
[Round "4.3"]
[White "Muñoz Cebey, Ricardo"]
[Black "Horcajada Reales, Guillermo"]
[Result "1/2-1/2"]
[WhiteElo "1845"]
[BlackElo "2154"]
[PlyCount "87"]
[EventDate "2019.09.08"]
[EventType "swiss"]
[EventRounds "9"]
[EventCountry "ESP"]
[SourceTitle "Ajedrez en Madrid"]
[Source "lmi"]
[SourceDate "2019.09.08"]
[SourceVersion "1"]
[SourceVersionDate "2019.10.29"]
[SourceQuality "1"]

1. c4 e5 2. g3 Nf6 3. Bg2 c6 4. d4 Qb6 5. e3 Bb4+ 6. Nc3 exd4 7. exd4 O-O 8.
Nge2 d5 9. c5 Qd8 10. O-O Nbd7 11. a3 Ba5 12. Bf4 Bc7 13. Qd2 h6 14. h4 Re8 15.
Rfe1 Nf8 16. Bxc7 Qxc7 17. Nf4 Bf5 18. b4 Qd7 19. a4 a6 20. b5 axb5 21. axb5
Rxa1 22. Rxa1 Ne4 23. Nxe4 dxe4 24. bxc6 bxc6 25. d5 Kh7 26. d6 g5 27. hxg5
hxg5 28. Ne2 Kg6 29. Nd4 Re5 30. Qc3 f6 31. Ra6 Ne6 32. Nxe6 Bxe6 33. Qa3 Bh3
34. Ra7 Qg4 35. Re7 Bxg2 36. Kxg2 Rxe7 37. dxe7 Kf7 38. Qa8 Kxe7 39. Qxc6 Qf3+
40. Kf1 Qd1+ 41. Kg2 Qf3+ 42. Kf1 Qh1+ 43. Ke2 Qf3+ 44. Kf1 1/2-1/2

[Event "31. Torneo San Viator 2019"]
[Site "Madrid ESP"]
[Date "2019.10.06"]
[Round "4.4"]
[White "Garcia Galeote, Lorenzo"]
[Black "Recuenco Andres, Javier"]
[Result "1/2-1/2"]
[WhiteElo "1873"]
[BlackElo "1833"]
[PlyCount "78"]
[EventDate "2019.09.08"]
[EventType "swiss"]
[EventRounds "9"]
[EventCountry "ESP"]
[SourceTitle "Ajedrez en Madrid"]
[Source "lmi"]
[SourceDate "2019.09.08"]
[SourceVersion "1"]
[SourceVersionDate "2019.10.29"]
[SourceQuality "1"]

1. d4 d6 2. c4 e5 3. Nf3 e4 4. Ng5 Nf6 5. Nc3 Bf5 6. g3 h6 7. Nh3 Qd7 8. Nf4 c6
9. h4 Na6 10. d5 g6 11. Bg2 Bg7 12. Qa4 Nc5 13. Qa3 O-O 14. Be3 b6 15. Rd1 Rfe8
16. Bxc5 bxc5 17. dxc6 Qxc6 18. Qa4 Qb6 19. Qb5 Qd8 20. Qa6 Bf8 21. Nb5 Bc8 22.
Qa3 a6 23. O-O Bb7 24. Nc3 Ng4 25. Nfd5 Nf6 26. Nxf6+ Qxf6 27. Nd5 Bxd5 28.
Rxd5 Rab8 29. b3 Qc3 30. e3 a5 31. Qa4 Re6 32. Rfd1 Qb4 33. Qc6 Rb6 34. Qa8 Rb8
35. Qc6 Rb6 36. Qa8 Kg7 37. Bh3 Rb8 38. Qc6 Rb6 39. Qa8 Rb8 1/2-1/2

[Event "31. Torneo San Viator 2019"]
[Site "Madrid ESP"]
[Date "2019.10.06"]
[Round "4.5"]
[White "Campos Tores, Jose Luis"]
[Black "Manso Santamaria, Juan Carlos"]
[Result "1-0"]
[WhiteElo "1854"]
[BlackElo "1701"]
[PlyCount "69"]
[EventDate "2019.09.08"]
[EventType "swiss"]
[EventRounds "9"]
[EventCountry "ESP"]
[SourceTitle "Ajedrez en Madrid"]
[Source "lmi"]
[SourceDate "2019.09.08"]
[SourceVersion "1"]
[SourceVersionDate "2019.10.29"]
[SourceQuality "1"]

1. d4 Nf6 2. c4 c5 3. d5 b5 4. cxb5 a6 5. b6 Qxb6 6. Nc3 d6 7. Nf3 g6 8. Nd2
Bg7 9. e4 O-O 10. a4 Nbd7 11. a5 Qd8 12. Nc4 Ne8 13. Be2 Nc7 14. O-O Nb5 15.
Na4 Rb8 16. Bd3 Nd4 17. Nab6 Ne5 18. Nxe5 Bxe5 19. Bh6 Re8 20. f4 Bh8 21. f5 e6
22. Qg4 exf5 23. exf5 Re5 24. fxg6 hxg6 25. Nxc8 Qxc8 26. Qxc8+ Rxc8 27. Bxa6
Rb8 28. Bc4 Rh5 29. Bf4 Nc2 30. Bxd6 Bd4+ 31. Kh1 Rxb2 32. a6 Ne3 33. a7 Nxc4
34. a8=Q+ Kg7 35. Qf8+ 1-0

[Event "31. Torneo San Viator 2019"]
[Site "Madrid ESP"]
[Date "2019.10.06"]
[Round "4.6"]
[White "Periotto Miori, Fabrizio Lautaro"]
[Black "Luque Ibanes, Manuel"]
[Result "1-0"]
[WhiteElo "1803"]
[BlackElo "1972"]
[PlyCount "109"]
[EventDate "2019.09.08"]
[EventType "swiss"]
[EventRounds "9"]
[EventCountry "ESP"]
[SourceTitle "Ajedrez en Madrid"]
[Source "lmi"]
[SourceDate "2019.09.08"]
[SourceVersion "1"]
[SourceVersionDate "2019.10.29"]
[SourceQuality "1"]

1. e4 c5 2. Nf3 Nc6 3. d4 cxd4 4. Nxd4 Nf6 5. Nc3 e5 6. Ndb5 d6 7. Bg5 a6 8.
Na3 b5 9. Nd5 Be7 10. Bxf6 Bxf6 11. c3 Bg5 12. Nc2 O-O 13. Be2 Bb7 14. Nce3
Bxe3 15. Nxe3 Ne7 16. Qc2 Qc7 17. O-O d5 18. exd5 Nxd5 19. Nxd5 Bxd5 20. Bd3 h6
21. a4 Qc6 22. f3 Rfc8 23. Qe2 bxa4 24. Qxe5 Bc4 25. Be4 Qb6+ 26. Rf2 Re8 27.
Qf5 g6 28. Qf4 Rad8 29. Qxh6 f5 30. Bxf5 Re2 31. Qxg6+ Qxg6 32. Bxg6 Rxf2 33.
Kxf2 Rd2+ 34. Kg1 Bb5 35. Rb1 Kg7 36. Be4 Kf6 37. h4 Ke5 38. Kh2 Kf4 39. h5 Kg5
40. Bg6 Bc6 41. Kg3 Bd5 42. Be8 Bb3 43. Ra1 Rxb2 44. Bxa4 Kxh5 45. Bxb3 Rxb3
46. Rxa6 Rxc3 47. Ra5+ Kg6 48. Kg4 Rc2 49. g3 Rc4+ 50. f4 Rc6 51. Ra4 Rb6 52.
f5+ Kf6 53. Kf4 Rb1 54. Ra6+ Kf7 55. Kg5 1-0

[Event "31. Torneo San Viator 2019"]
[Site "Madrid ESP"]
[Date "2019.10.06"]
[Round "4.7"]
[White "Rojo Jorge, Luis"]
[Black "Rodriguez Polo, Mateo"]
[Result "0-1"]
[WhiteElo "1788"]
[BlackElo "2037"]
[PlyCount "84"]
[EventDate "2019.09.08"]
[EventType "swiss"]
[EventRounds "9"]
[EventCountry "ESP"]
[SourceTitle "Ajedrez en Madrid"]
[Source "lmi"]
[SourceDate "2019.09.08"]
[SourceVersion "1"]
[SourceVersionDate "2019.10.29"]
[SourceQuality "1"]

1. e4 e5 2. Nf3 Nc6 3. Bc4 Nf6 4. Ng5 d5 5. exd5 Na5 6. Bb5+ c6 7. dxc6 bxc6 8.
Be2 h6 9. Nh3 Bd6 10. O-O O-O 11. c3 Bxh3 12. gxh3 Nd5 13. d3 Qh4 14. Bf3 Qxh3
15. Bg2 Qh4 16. h3 f5 17. c4 Nf4 18. Bxf4 Qxf4 19. Qf3 Qxf3 20. Bxf3 Rab8 21.
Nc3 Rxb2 22. Rab1 Rfb8 23. Rfc1 Kf7 24. Kf1 Bc5 25. Be2 Bd4 26. Ra1 Rd2 27. Ke1
Rbb2 28. Rab1 Rxb1 29. Nxb1 Rxa2 30. Nc3 Ra3 31. Nb1 Ra1 32. Bf3 c5 33. Bd5+
Kf6 34. Ke2 Ra2+ 35. Kd1 Rxf2 36. Nd2 Be3 37. Rc2 Rxd2+ 38. Rxd2 Bxd2 39. Kxd2
Nb3+ 40. Ke3 a5 41. Bc6 Kg5 42. Kf3 Nd4+ 0-1

[Event "31. Torneo San Viator 2019"]
[Site "Madrid ESP"]
[Date "2019.10.06"]
[Round "4.8"]
[White "Bernal Zajarov, Mateo"]
[Black "Gil Sierra, Jacinto"]
[Result "0-1"]
[WhiteElo "1636"]
[BlackElo "1952"]
[PlyCount "74"]
[EventDate "2019.09.08"]
[EventType "swiss"]
[EventRounds "9"]
[EventCountry "ESP"]
[SourceTitle "Ajedrez en Madrid"]
[Source "lmi"]
[SourceDate "2019.09.08"]
[SourceVersion "1"]
[SourceVersionDate "2019.10.29"]
[SourceQuality "1"]

1. d4 e6 2. c4 f5 3. Nf3 Nf6 4. a3 b6 5. Bf4 Bb7 6. h3 Be7 7. e3 O-O 8. Be2 Ne4
9. O-O d6 10. Nfd2 Nd7 11. Nf3 Ndf6 12. a4 a5 13. Na3 h6 14. Bh2 Nh7 15. Nc2
Qe8 16. Nce1 Qg6 17. Nd3 Qf6 18. Nf4 g5 19. Nh5 Qg6 20. Ne1 Nhf6 21. Ng3 Nxg3
22. Bxg3 h5 23. Bf3 Be4 24. Be2 h4 25. Bh2 g4 26. hxg4 fxg4 27. f3 g3 28. Bxg3
Qxg3 29. fxe4 Qxe3+ 30. Kh2 Qg3+ 31. Kg1 Qe3+ 32. Kh2 Nxe4 33. Rf3 Rxf3 34.
Bxf3 Rf8 35. Ra3 Qf4+ 36. Kg1 d5 37. Qe2 Bxa3 0-1

[Event "31. Torneo San Viator 2019"]
[Site "Madrid ESP"]
[Date "2019.10.06"]
[Round "4.9"]
[White "Matesanz Bonastre, Rafael"]
[Black "Jimenez Elices, Jose Maria"]
[Result "1-0"]
[WhiteElo "1902"]
[BlackElo "1729"]
[PlyCount "73"]
[EventDate "2019.09.08"]
[EventType "swiss"]
[EventRounds "9"]
[EventCountry "ESP"]
[SourceTitle "Ajedrez en Madrid"]
[Source "lmi"]
[SourceDate "2019.09.08"]
[SourceVersion "1"]
[SourceVersionDate "2019.10.29"]
[SourceQuality "1"]

1. d4 d5 2. c4 c6 3. cxd5 cxd5 4. Bf4 Nf6 5. Nc3 e6 6. e3 Bd6 7. Bxd6 Qxd6 8.
Bd3 Nc6 9. Rc1 O-O 10. f4 Bd7 11. Nf3 Rfd8 12. O-O Be8 13. Ne5 Rac8 14. Rf3 a6
15. Rh3 g6 16. g4 Qb4 17. Rc2 Nxe5 18. fxe5 Nd7 19. Qe1 Qe7 20. Rf3 Nb6 21. h4
Na4 22. h5 Bb5 23. Nxb5 axb5 24. hxg6 hxg6 25. Rh2 Kg7 26. Qf1 Rh8 27. Rhf2
Rhf8 28. Rf6 Nb6 29. g5 Nc4 30. Qh3 Rh8 31. Rxf7+ Qxf7 32. Rxf7+ Kxf7 33. Qf3+
Ke7 34. Qf6+ Kd7 35. Qf7+ Kd8 36. Qxe6 Nxe3 37. Qd6+ 1-0

[Event "31. Torneo San Viator 2019"]
[Site "Madrid ESP"]
[Date "2019.10.06"]
[Round "4.10"]
[White "Padin Lazaro, Jose Manuel"]
[Black "Garcia Martin, Esteban"]
[Result "1/2-1/2"]
[WhiteElo "1847"]
[BlackElo "1875"]
[PlyCount "38"]
[EventDate "2019.09.08"]
[EventType "swiss"]
[EventRounds "9"]
[EventCountry "ESP"]
[SourceTitle "Ajedrez en Madrid"]
[Source "lmi"]
[SourceDate "2019.09.08"]
[SourceVersion "1"]
[SourceVersionDate "2019.10.29"]
[SourceQuality "1"]

1. e4 c5 2. Nf3 d6 3. Bb5+ Bd7 4. Bxd7+ Qxd7 5. c4 Nc6 6. d4 cxd4 7. Nxd4 g6 8.
Nc3 Bg7 9. Be3 Nf6 10. f3 Ne5 11. b3 a6 12. O-O O-O 13. Qd2 Rac8 14. Rac1 Qc7
15. Rfd1 Ned7 16. Bg5 Rfe8 17. Nd5 Qc5 18. Nxf6+ Bxf6 19. Bxf6 Nxf6 1/2-1/2

[Event "31. Torneo San Viator 2019"]
[Site "Madrid ESP"]
[Date "2019.10.06"]
[Round "4.11"]
[White "Ramos Antona, Enrique"]
[Black "Sanchez Hernandez, Alvaro"]
[Result "0-1"]
[WhiteElo "1486"]
[BlackElo "1765"]
[PlyCount "94"]
[EventDate "2019.09.08"]
[EventType "swiss"]
[EventRounds "9"]
[EventCountry "ESP"]
[SourceTitle "Ajedrez en Madrid"]
[Source "lmi"]
[SourceDate "2019.09.08"]
[SourceVersion "1"]
[SourceVersionDate "2019.10.29"]
[SourceQuality "1"]

1. d4 Nf6 2. c4 e6 3. Nf3 Bb4+ 4. Bd2 a5 5. a3 Bxd2+ 6. Nbxd2 d6 7. g3 Nc6 8.
Bg2 e5 9. dxe5 dxe5 10. O-O O-O 11. Qc2 h6 12. Rad1 Qe7 13. e3 Bg4 14. Ne4 Nxe4
15. Qxe4 f5 16. Qd5+ Rf7 17. Rd2 Rd8 18. Qb5 e4 19. Rxd8+ Qxd8 20. Ne5 Nxe5 21.
Qxe5 b6 22. f3 Re7 23. Qd5+ Qxd5 24. cxd5 exf3 25. Bxf3 Rxe3 26. Bxg4 fxg4 27.
Rd1 Re2 28. b4 axb4 29. axb4 Re4 30. b5 Rb4 31. Kf2 Rxb5 32. Rd4 Kf7 33. Ke3
Kf6 34. Ke4 h5 35. Rc4 Rc5 36. Ra4 g5 37. Ra2 h4 38. Rf2+ Ke7 39. gxh4 gxh4 40.
Rg2 Kd6 41. Rxg4 Rc4+ 42. Kf5 Rxg4 43. Kxg4 b5 44. Kxh4 b4 45. Kg5 b3 46. h4 b2
47. h5 b1=Q 0-1

[Event "31. Torneo San Viator 2019"]
[Site "Madrid ESP"]
[Date "2019.10.06"]
[Round "4.12"]
[White "Barahona Torrijos, Angel"]
[Black "Alvarez Poves, Jesus"]
[Result "1-0"]
[WhiteElo "1862"]
[BlackElo "1794"]
[PlyCount "51"]
[EventDate "2019.09.08"]
[EventType "swiss"]
[EventRounds "9"]
[EventCountry "ESP"]
[SourceTitle "Ajedrez en Madrid"]
[Source "lmi"]
[SourceDate "2019.09.08"]
[SourceVersion "1"]
[SourceVersionDate "2019.10.29"]
[SourceQuality "1"]

1. e4 c5 2. Nf3 d6 3. d4 cxd4 4. Qxd4 a6 5. Be3 Nf6 6. Nc3 Nbd7 7. O-O-O e5 8.
Qd2 b5 9. Bg5 Bb7 10. Bd3 Be7 11. h4 b4 12. Nd5 Bxd5 13. exd5 e4 14. Nd4 Ne5
15. Be2 Qa5 16. Kb1 Rb8 17. Nf5 e3 18. Bxe3 Ne4 19. Qd4 Nc3+ 20. bxc3 bxc3+ 21.
Ka1 Rb4 22. Qa7 O-O 23. Nxe7+ Kh8 24. Qxa6 Ra8 25. Qxa5 Rxa5 26. Rb1 1-0

[Event "31. Torneo San Viator 2019"]
[Site "Madrid ESP"]
[Date "2019.10.06"]
[Round "4.13"]
[White "Linares Leyva, David"]
[Black "Cid Garcia, Ramon"]
[Result "1-0"]
[WhiteElo "1805"]
[BlackElo "1839"]
[PlyCount "55"]
[EventDate "2019.09.08"]
[EventType "swiss"]
[EventRounds "9"]
[EventCountry "ESP"]
[SourceTitle "Ajedrez en Madrid"]
[Source "lmi"]
[SourceDate "2019.09.08"]
[SourceVersion "1"]
[SourceVersionDate "2019.10.29"]
[SourceQuality "1"]

1. c4 c5 2. Nf3 Nc6 3. Nc3 g6 4. d4 cxd4 5. Nxd4 Bg7 6. e3 Nf6 7. Be2 O-O 8.
O-O d6 9. a3 Be6 10. Nxe6 fxe6 11. Rb1 Rc8 12. Nb5 Qd7 13. b4 e5 14. Bb2 Rfd8
15. Qb3 Kh8 16. Rbd1 Qe6 17. Nc3 e4 18. Nd5 Ne5 19. Nf4 Qf5 20. c5 d5 21. Rd2
Nf3+ 22. gxf3 exf3 23. Bxf3 g5 24. Bxf6 Bxf6 25. Rxd5 Rxd5 26. Qxd5 Be5 27. Qe6
Rf8 28. Bg4 1-0

[Event "31. Torneo San Viator 2019"]
[Site "Madrid ESP"]
[Date "2019.10.06"]
[Round "4.14"]
[White "Ramos Isasi, Jose"]
[Black "Tudela Garcia, Antonio"]
[Result "1-0"]
[WhiteElo "1767"]
[BlackElo "1582"]
[PlyCount "87"]
[EventDate "2019.09.08"]
[EventType "swiss"]
[EventRounds "9"]
[EventCountry "ESP"]
[SourceTitle "Ajedrez en Madrid"]
[Source "lmi"]
[SourceDate "2019.09.08"]
[SourceVersion "1"]
[SourceVersionDate "2019.10.29"]
[SourceQuality "1"]

1. d4 d5 2. Nf3 Nf6 3. c4 e6 4. Nc3 c6 5. Bg5 Be7 6. e3 Nbd7 7. Bd3 dxc4 8.
Bxc4 Nd5 9. Bxe7 Qxe7 10. O-O O-O 11. e4 Nxc3 12. bxc3 Nb6 13. Bd3 Rd8 14. Qc2
c5 15. a4 cxd4 16. cxd4 Nd7 17. Rfc1 Nf8 18. Qd2 Ng6 19. Re1 Bd7 20. Qb2 Nf4
21. Bc4 Rac8 22. Bf1 Bc6 23. d5 exd5 24. exd5 Qd6 25. dxc6 Qxc6 26. Rac1 Qg6
27. Rxc8 Rxc8 28. g3 Qc6 29. Qe5 Ng6 30. Qe4 Qc7 31. h4 h6 32. Bh3 Rd8 33. h5
Nf8 34. Nh4 Qc3 35. Ng2 Rd4 36. Qxb7 Rxa4 37. Qe7 Qd2 38. Qe3 Qd6 39. Nf4 Ra3
40. Qe7 Qd2 41. Qxa3 Qxe1+ 42. Kg2 Qe4+ 43. Kh2 Qe1 44. Qxa7 1-0

[Event "31. Torneo San Viator 2019"]
[Site "Madrid ESP"]
[Date "2019.10.13"]
[Round "5.1"]
[White "Unciti Juan, Javier"]
[Black "Campos Tores, Jose Luis"]
[Result "1-0"]
[WhiteElo "1987"]
[BlackElo "1854"]
[PlyCount "63"]
[EventDate "2019.09.08"]
[EventType "swiss"]
[EventRounds "9"]
[EventCountry "ESP"]
[SourceTitle "Ajedrez en Madrid"]
[Source "lmi"]
[SourceDate "2019.09.08"]
[SourceVersion "1"]
[SourceVersionDate "2019.10.29"]
[SourceQuality "1"]

1. d4 g6 2. c4 Bg7 3. Nc3 Nf6 4. e4 d6 5. f4 O-O 6. Nf3 c5 7. d5 e6 8. Be2 exd5
9. cxd5 Bg4 10. O-O Re8 11. h3 Bxf3 12. Bxf3 b5 13. e5 Nfd7 14. Nxb5 dxe5 15.
fxe5 Nxe5 16. d6 Nbc6 17. Nc7 Qd7 18. Nxa8 Rxa8 19. Bf4 Rd8 20. Bxc6 Nxc6 21.
Qd5 Bxb2 22. Rae1 Bg7 23. Bg5 Bd4+ 24. Kh1 Nb4 25. Qc4 Re8 26. Be7 Bg7 27. Rxf7
Kh8 28. Ref1 Nc6 29. Rxg7 Kxg7 30. Qf7+ Kh6 31. Bg5+ Kxg5 32. Qxd7 1-0

[Event "31. Torneo San Viator 2019"]
[Site "Madrid ESP"]
[Date "2019.10.13"]
[Round "5.2"]
[White "Tenorio Garcia, Joel"]
[Black "Periotto Miori, Fabrizio Lautaro"]
[Result "0-1"]
[WhiteElo "1841"]
[BlackElo "1803"]
[PlyCount "108"]
[EventDate "2019.09.08"]
[EventType "swiss"]
[EventRounds "9"]
[EventCountry "ESP"]
[SourceTitle "Ajedrez en Madrid"]
[Source "lmi"]
[SourceDate "2019.09.08"]
[SourceVersion "1"]
[SourceVersionDate "2019.10.29"]
[SourceQuality "1"]

1. e4 c5 2. Nf3 d6 3. d4 cxd4 4. Nxd4 Nf6 5. Nc3 a6 6. Bc4 e6 7. Bb3 Nbd7 8.
O-O Nc5 9. Re1 Qc7 10. Bg5 Be7 11. f4 h6 12. Bh4 O-O 13. e5 dxe5 14. fxe5 Nfe4
15. Bxe7 Nxc3 16. Bd6 Qxd6 17. exd6 Nxd1 18. Raxd1 Bd7 19. Nf3 Rfd8 20. Bc4 b5
21. Bd3 Bc6 22. Ne5 Bd5 23. b3 Rac8 24. Be2 Ne4 25. c4 bxc4 26. bxc4 Ba8 27. d7
Rc5 28. Nf3 Nc3 29. Rd6 Bc6 30. Nd4 Ba4 31. Rxa6 Rxd7 32. Nb3 Nxe2+ 33. Rxe2
Rxc4 34. Rb6 Ra7 35. Kf2 Kh7 36. h3 Bc6 37. Rd2 Bd5 38. Kg3 Rca4 39. Nc1 Ra3+
40. Kf2 Bxa2 41. Nxa2 Rxa2 42. Rxa2 Rxa2+ 43. Kg3 Kg6 44. Kf3 Ra5 45. Rb3 e5
46. g4 h5 47. Kg3 hxg4 48. hxg4 f6 49. Rc3 Kg5 50. Kh3 Ra4 51. Rg3 Rf4 52. Rg2
e4 53. Rg1 Rf3+ 54. Kh2 Kf4 0-1

[Event "31. Torneo San Viator 2019"]
[Site "Madrid ESP"]
[Date "2019.10.13"]
[Round "5.3"]
[White "Calvo Gonzalez, Jose Felix"]
[Black "Renteria, Jorge"]
[Result "0-1"]
[WhiteElo "1683"]
[BlackElo "2286"]
[PlyCount "104"]
[EventDate "2019.09.08"]
[EventType "swiss"]
[EventRounds "9"]
[EventCountry "ESP"]
[SourceTitle "Ajedrez en Madrid"]
[Source "lmi"]
[SourceDate "2019.09.08"]
[SourceVersion "1"]
[SourceVersionDate "2019.10.29"]
[SourceQuality "1"]

1. e4 c5 2. Nf3 Nc6 3. d4 cxd4 4. Nxd4 Qb6 5. Nb3 Nf6 6. Nc3 e6 7. Be3 Qc7 8.
a3 d6 9. Be2 Be7 10. O-O a6 11. f3 O-O 12. Qd2 b5 13. Nd4 Ne5 14. Rad1 Bd7 15.
Kh1 Nc4 16. Bxc4 Qxc4 17. Nb3 Rfc8 18. Bd4 Be8 19. Qf2 a5 20. Bb6 b4 21. Nxa5
Rxa5 22. Bxa5 bxc3 23. Bxc3 d5 24. Qg3 Rd8 25. e5 Nd7 26. Qg4 Qc7 27. f4 Nc5
28. f5 exf5 29. Qxf5 Ne6 30. Bd4 g6 31. Qd3 Qb7 32. Rfe1 Bh4 33. g3 Be7 34. Qb3
Qa8 35. Qf3 Nxd4 36. Rxd4 Bc5 37. Rf4 Bc6 38. Rf6 Be7 39. Rf1 Bxf6 40. Qxf6 d4+
41. Kg1 Bd5 42. Qb6 Be6 43. Rf6 Qd5 44. Rf2 Kg7 45. Re2 d3 46. cxd3 Qxd3 47.
Qf2 Kg8 48. Re1 Bh3 49. Qf6 Qd5 50. Re2 Rc8 51. Qf4 Rc4 52. Qe3 Rd4 0-1

[Event "31. Torneo San Viator 2019"]
[Site "Madrid ESP"]
[Date "2019.10.13"]
[Round "5.4"]
[White "Horcajada Reales, Guillermo"]
[Black "Garcia Galeote, Lorenzo"]
[Result "1-0"]
[WhiteElo "2154"]
[BlackElo "1873"]
[PlyCount "53"]
[EventDate "2019.09.08"]
[EventType "swiss"]
[EventRounds "9"]
[EventCountry "ESP"]
[SourceTitle "Ajedrez en Madrid"]
[Source "lmi"]
[SourceDate "2019.09.08"]
[SourceVersion "1"]
[SourceVersionDate "2019.10.29"]
[SourceQuality "1"]

1. e4 b6 2. d4 Bb7 3. Nc3 e6 4. Bd3 d6 5. f4 g6 6. Nf3 Bg7 7. O-O Nd7 8. f5
exf5 9. exf5 Bxf3 10. Qxf3 Bxd4+ 11. Kh1 Ne5 12. Bb5+ Kf8 13. Qe4 Bxc3 14. bxc3
Kg7 15. Bf4 Nf6 16. Bxe5 dxe5 17. Qxe5 Qd5 18. Qe2 Rad8 19. fxg6 hxg6 20. Rf4
Qh5 21. g4 Qd5+ 22. Kg1 Qd2 23. Raf1 Qxe2 24. Bxe2 Rd2 25. Rxf6 Rxe2 26. Rxf7+
Kg8 27. Rf8+ 1-0

[Event "31. Torneo San Viator 2019"]
[Site "Madrid ESP"]
[Date "2019.10.13"]
[Round "5.5"]
[White "Rodriguez Polo, Mateo"]
[Black "Muñoz Cebey, Ricardo"]
[Result "1/2-1/2"]
[WhiteElo "2037"]
[BlackElo "1845"]
[PlyCount "56"]
[EventDate "2019.09.08"]
[EventType "swiss"]
[EventRounds "9"]
[EventCountry "ESP"]
[SourceTitle "Ajedrez en Madrid"]
[Source "lmi"]
[SourceDate "2019.09.08"]
[SourceVersion "1"]
[SourceVersionDate "2019.10.29"]
[SourceQuality "1"]

1. Nf3 d5 2. c4 dxc4 3. e3 Nf6 4. Bxc4 e6 5. O-O a6 6. b3 c5 7. Bb2 Be7 8. d4
cxd4 9. Nxd4 b5 10. Bd3 Bb7 11. a4 b4 12. Qe2 O-O 13. Nd2 Nbd7 14. Nc4 Nc5 15.
Bc2 Rc8 16. Nf3 Bd5 17. Nfd2 Qc7 18. e4 Bxc4 19. Nxc4 Rfd8 20. Rfd1 Rxd1+ 21.
Rxd1 Nxa4 22. bxa4 Qxc4 23. Bd3 Qb3 24. a5 h6 25. Rb1 Qa4 26. Ra1 Qb3 27. Rb1
Qa4 28. Ra1 Qb3 1/2-1/2

[Event "31. Torneo San Viator 2019"]
[Site "Madrid ESP"]
[Date "2019.10.13"]
[Round "5.6"]
[White "Gil Sierra, Jacinto"]
[Black "Sanchez Hernandez, Alvaro"]
[Result "0-1"]
[WhiteElo "1952"]
[BlackElo "1765"]
[PlyCount "44"]
[EventDate "2019.09.08"]
[EventType "swiss"]
[EventRounds "9"]
[EventCountry "ESP"]
[SourceTitle "Ajedrez en Madrid"]
[Source "lmi"]
[SourceDate "2019.09.08"]
[SourceVersion "1"]
[SourceVersionDate "2019.10.29"]
[SourceQuality "1"]

1. e4 c5 2. Nf3 d6 3. d4 cxd4 4. Nxd4 Nf6 5. Nc3 g6 6. Be3 Bg7 7. f3 O-O 8. Bc4
Nc6 9. Qd2 Bd7 10. O-O-O Rc8 11. Bb3 Nxd4 12. Bxd4 b5 13. Bxa7 b4 14. Nd5 Nxd5
15. exd5 Qa5 16. Bd4 Rxc2+ 17. Bxc2 Qxa2 18. Qxb4 Bh6+ 19. Rd2 Qa1+ 20. Bb1 Bf5
21. Kd1 Qxb1+ 22. Ke2 Qxh1 0-1

[Event "31. Torneo San Viator 2019"]
[Site "Madrid ESP"]
[Date "2019.10.13"]
[Round "5.7"]
[White "Garcia Martin, Esteban"]
[Black "Alonso Aranzabal, Iñigo"]
[Result "0-1"]
[WhiteElo "1875"]
[BlackElo "1873"]
[PlyCount "128"]
[EventDate "2019.09.08"]
[EventType "swiss"]
[EventRounds "9"]
[EventCountry "ESP"]
[SourceTitle "Ajedrez en Madrid"]
[Source "lmi"]
[SourceDate "2019.09.08"]
[SourceVersion "1"]
[SourceVersionDate "2019.10.29"]
[SourceQuality "1"]

1. c4 g6 2. Nc3 Bg7 3. g3 f5 4. d4 Nf6 5. Bg2 O-O 6. Nf3 d6 7. O-O Qe8 8. Nb5
Na6 9. Bf4 h6 10. h4 Ne4 11. Qc1 Kh7 12. Nc3 e5 13. Be3 Nxc3 14. bxc3 e4 15.
Nd2 c6 16. Rb1 Nc7 17. Bf4 Qe7 18. Qa3 Ne8 19. Nb3 g5 20. hxg5 hxg5 21. Bd2 Rh8
22. Qc1 Kg6 23. f4 Nf6 24. fxg5 Ng4 25. Be3 Bd7 26. Rf4 Nxe3 27. Qxe3 Qxg5 28.
Qf2 Rae8 29. e3 Rhf8 30. Nd2 b6 31. Rf1 d5 32. Rh4 Rh8 33. Rxh8 Rxh8 34. Qf4
Qe7 35. Re1 Bh6 36. Qc7 Bg5 37. Nf1 Be8 38. Qxe7 Bxe7 39. Kf2 dxc4 40. Nd2 Bf7
41. Rg1 Rh2 42. Nf1 Rh8 43. Nd2 Bd5 44. g4 Bh4+ 45. Ke2 Re8 46. gxf5+ Kxf5 47.
Bh3+ Kf6 48. Rg4 Bg5 49. Bg2 Kf5 50. Bh3 Kg6 51. Rg1 Rh8 52. Rg3 b5 53. Bg2 Rh2
54. Nf1 Rh4 55. Bh3 a5 56. Bd7 b4 57. cxb4 axb4 58. Rg2 c3 59. Be8+ Kf6 60. Kd1
Rh1 61. Rf2+ Ke7 62. Bg6 Bxe3 63. Rf5 Bxd4 64. Kc2 Bxa2 0-1